Aktuálny teológ Kalvín Jeho nasledujeme

Bibliographic Details
Main Author: Nagy, Zsolt (Author)
Format: Article
Language:Slovak
Subjects:

MARC

LEADER 00000nab a2200000 a 4500
001 vtls000474304
003 SK-MaSNL
005 20260303213846.0
008 150430c1992 xo 0 slo
015 |a SNBRB19rr/mm-uuuuu 
035 |a CL0474438 
040 |a SNKBUCL  |b slo  |c SNKBUCL  |e AACR2 
041 0 |a slo 
044 |a xo  |c SK 
080 |a 284.2(44)  |2 1981 
080 |a 929 Kalvín, Ján  |2 1981 
100 1 |a Nagy, Zsolt  |4 aut  |9 496516 
245 1 0 |a Aktuálny teológ Kalvín  |b Jeho nasledujeme  |c Zsolt Nagy 
500 |a Začiatok 
600 1 7 |a Calvin, Jean,  |d 1509-1564  |2 snkbucl  |9 126973 
655 7 |a články z novín a časopisov  |2 snkbucl  |9 267496 
773 0 |t Kalvínske hlasy  |g Roč. 63, č. 10 (1992), s. 3 
850 |a Slovenská národná knižnica v Martine  |a MTA001 
852 |a SNK  |b KIS3GCP 
958 |a RK 
958 |a BC 
992 |a RBX 
999 |c 2214344  |d 2216274